| 000 -LEADER |
| fixed length control field |
00726cam a2200217 a 4500 |
| 003 - CONTROL NUMBER IDENTIFIER |
| control field |
OSt |
| 005 - DATE AND TIME OF LATEST TRANSACTION |
| control field |
20200317123828.0 |
| 008 - FIXED-LENGTH DATA ELEMENTS--GENERAL INFORMATION |
| fixed length control field |
110725s2012 dcuab b 000 0 eng |
| 020 ## - INTERNATIONAL STANDARD BOOK NUMBER |
| International Standard Book Number |
9781597268042 (pbk. : alk. paper) |
| 040 ## - CATALOGING SOURCE |
| Original cataloging agency |
DLC |
| Transcribing agency |
DLC |
| 042 ## - AUTHENTICATION CODE |
| Authentication code |
pcc |
| 082 00 - DEWEY DECIMAL CLASSIFICATION NUMBER |
| Classification number |
333.715 |
| Edition number |
23 |
| Item number |
STE |
| 100 1# - MAIN ENTRY--PERSONAL NAME |
| Personal name |
Apfelbaum, Steven I., |
| Dates associated with a name |
1954- |
| 245 14 - TITLE STATEMENT |
| Title |
The restoring ecological health to your land workbook / |
| Statement of responsibility, etc |
Steven I. Apfelbaum and Alan Haney ; with illustrations by Kristen R. Vinyeta. |
| 260 ## - PUBLICATION, DISTRIBUTION, ETC. (IMPRINT) |
| Place of publication, distribution, etc |
Washington, DC : |
| Name of publisher, distributor, etc |
Island Press, |
| Date of publication, distribution, etc |
c2012. |
| 300 ## - PHYSICAL DESCRIPTION |
| Extent |
xvii, 179 p. : |
| Other physical details |
ill., maps ; |
| Dimensions |
26 cm. |
| 504 ## - BIBLIOGRAPHY, ETC. NOTE |
| Bibliography, etc |
Includes bibliographical references. |
| 650 #0 - SUBJECT ADDED ENTRY--TOPICAL TERM |
| Topical term or geographic name as entry element |
Restoration ecology. |
| 700 1# - ADDED ENTRY--PERSONAL NAME |
| Personal name |
Haney, Alan W. |
| 942 ## - ADDED ENTRY ELEMENTS (KOHA) |
| Source of classification or shelving scheme |
|